000 01573nam a2200373 a 4500
001 000013392
003 DO-SdBNP
005 20240902131147.0
007 ta
008 150717s2021 dr a 000 0 spa d
020 _a9789945613797
040 _aDO-SdBNP
_bspa
_cBPMSU
082 4 _a305.42097293
_bD948e 2021
_222
100 1 _aDurán, Carmen
245 1 0 _aEscritos de ocasión y otros temas /
_cCarmen Durán ; cuidado de la edición Aimara Veras Riverón ; prólogo Natalia González.
260 _aSanto Domingo :
_bAGN,
_c2021.
300 _a255 p. :
_bil. , fots., retrs. ;
_c24 cm.
490 0 _aArchivo General de la Nación,
_v410
500 _aIncluye datos biográficas de la autora en las solapas
500 _aIncluye referencias bibliográficas y notas al pie de las páginas
500 _aIncluye bibliografía al final de los capítulos
505 0 _aPrólogo 11 -- Dedicatoria 15 -- Agradecimientos 17 -- Una mirada a la mujer dominicana desde la historia 21 -- Homenajes 195.
590 _aInventariado, 2024/VM
650 4 _aMujeres en República Dominicana
_xHistoria
650 4 _aMujeres
_zRepública Dominicana
_xCondiciones sociales
650 4 _aMujeres
_xActividad política
650 4 _aMujeres negras
_zRepública Dominicana
_xHistoria
650 4 _aEsclavitud en República Dominicana
_xHistoria
700 1 _aVeras Riverón, Aimara,
_eeditor
700 1 _aGonzález, Natalia,
_eprólogo
710 _aArchivo General de la Nación (República Dominicana)
910 _aVMateo V. Control de calidad BPMSU
942 _2ddc
_cBK
999 _c14793
_d14793